Responses for show #5046 - Monday, July 17, 2006

Contestants

Scott Ahearn, an actor from the Bronx, New York

Jennifer Laam, a teacher from Studio City, California

Bruce Lin, a research scientist originally from Mississauga, Ontario, Canada (whose 1-day cash winnings total $9,599)

Jeopardy! Round responses

HISTORIC AMERICANS
12-LETTER WORDS
STATE FISH
INVENTORS & INVENTIONS
ESQUIRE'S DUBIOUS ACHIEVEMENTS 2005
PUT ME IN, COACH!
    $200 10
(Mathew) Brady

Jennifer
    $200 1
sexagenarian

Bruce
    $200 6
cod

Bruce
    $200 7
flares

Bruce
    $200 18
Sylvester Stallone

Scott
    $200 15
a penalty

Bruce
    $400 11
Susan B. Anthony

Jennifer
    $400 2
(Bruce: What's re-ha-bil-i-tate?)
(Alex: You-are-cor-rect.)

rehabilitate

Bruce
    $400 21
bass

Scott
    $2,400 8
a (TV) remote control

Bruce
    $400 19
Putin

Jennifer
    $400 24
a pinch runner

Bruce
    $600 12
Clara Barton

Jennifer
    $600 3
mulligatawny

Bruce
    $600 25
a muskellunge

Bruce
    $600 9
an escalator

Jennifer
    $600 20
(Kevin) Federline

Bruce
    $600 28
(Jennifer: Oh... Who is Iverson?
(Scott: Who is Isiah Thomas?)
...
(Alex: Talkin' about centers here, not guards. [*]. Moses--leading us to the promised land.)

Moses Malone

JenniferScott
Triple Stumper
    $800 13
comets

Scott
    $800 4
the subconscious

Bruce
    $800 26
the Chinook salmon

Triple Stumper
    $800 16
(Bruce: What is Otto?)
...
(Alex: [German accent] Who was [*]?)

Rudolf Diesel

Bruce
Triple Stumper
    $800 22
(Bruce: Uh, who is... Cage?)

Russell Crowe

BruceScott
    $800 29
(Alex: It's the old [*].)

Statue of Liberty play

Triple Stumper
    $1000 14
Molokai

Jennifer
    $1000 5
the glockenspiel

Scott
    $1000 27
a pike

Bruce
    $1000 17
an iron lung

Bruce
    $1000 23
Kanye West

Jennifer
    $1000 30
midfielder

Triple Stumper

Scores at the first commercial break (after clue 15):

Bruce Jennifer Scott
$5,000 $2,800 $1,800

Scores at the end of the Jeopardy! Round:

Bruce Jennifer Scott
$7,000 $3,600 $2,600

Double Jeopardy! Round responses

DINOSAURS
MOVIE TWINS
LITERARY TITLE PAIRS
WORLD CITIES
THE DICTIONARY
PUT ME IN COACH!
    $400 12
warm-blooded

Scott
    $400 2
(Alex: Yeah, they look alike, too.)

Danny DeVito

Jennifer
    $400 7
The Sound

Jennifer
    $400 1
Geneva

Jennifer
    $400 20
synonyms

Scott
    $400 26
stage

Jennifer
    $800 13
(Jennifer: What is Edmonton?)

Alberta

JenniferScott
    $800 3
the Olsen twins

Jennifer
    $800 8
Green Eggs

Scott
    $800 17
(Scott: What is Bonn?)
(Jennifer: What is Berlin?)

Vienna

JenniferScott
Triple Stumper
    $800 21
the etymology

Scott
    $800 27
Daimler

Scott
    $1200 14
Stegosaurus

Bruce
    $1200 4
The Parent Trap

Jennifer
    $1200 9
Fathers

Jennifer
    $1200 18
Marrakesh

Scott
    $1200 22
obsolete

Scott
    $1200 28
Amtrak

Bruce
    $1600 15
Pittsburgh

Scott
    $1600 5
(Alex: Funny film.)

Stuck on You

Triple Stumper
    $1600 10
Man

Scott
    $1600 19
Kyoto

Bruce
    $1600 23
colloquial

Jennifer
    $1,000 29
(Bruce: What are Silver Darts?)

greyhounds

Bruce
    $2,500 16
Velociraptor

Scott
    $2000 6
Bette Davis

Jennifer
    $2000 11
Franny

Bruce
    $2000 24
Santiago

Scott
    $2000 25
a schwa

Bruce
    $2000 30
a mail coach

Bruce

Scores at the end of the Double Jeopardy! Round:

Bruce Jennifer Scott
$16,000 $10,400 $15,900

[wagering suggestions for these scores]

Final Jeopardy! Round responses

VARIETY HEADLINES
(Alex: Variety, the showbiz newspaper.)
JenniferWho are Marilyn Monroe and Arthur Miller
$10,399
ScottWho are Marilyn Monroe + Arthur Miller?
$15,799
BruceWho are Arthur Miller + Marilyn Monroe
$15,801
Arthur Miller & Marilyn Monroe

Final scores:

Bruce Jennifer Scott
$31,801 $20,799 $31,699
2-day champion: $41,400 3rd place: $1,000 2nd place: $2,000

Game dynamics:

Coryat scores:

Bruce Jennifer Scott
$15,000 $10,400 $15,400
19 R
(including 1 DD),
3 W
(including 1 DD)
16 R,
3 W
17 R
(including 1 DD),
2 W

Combined Coryat: $40,800

The J! Archive is created by fans, for fans. The Jeopardy! game show and all elements thereof, including but not limited to copyright and trademark thereto, are the property of Jeopardy Productions, Inc. and are protected under law. This website is not affiliated with, sponsored by, or operated by Jeopardy Productions, Inc. Join the discussion at JBoard.tv.